| 000 | 00733nam a2200241Ia 4500 | ||
|---|---|---|---|
| 003 | GCL | ||
| 008 | 140319s9999 xx 000 0 ara d | ||
| 040 |
_aGCL / _cGCL |
||
| 082 | 0 | 4 |
_a070.9 _bا ص |
| 100 | 1 | _aفاطمة عبدالله محمود | |
| 245 | 1 | 0 |
_aالصحافة / _cفاطمة عبدالله محمود |
| 700 | 1 | _aالبير , بير | |
| 260 |
_a[S.N] : _bالهيئة المصرية العامة للكتاب ، _c1987 |
||
| 300 | _a157 | ||
| 490 | _a | ||
| 650 | 0 | 4 | _aالصحافة |
| 650 | 0 | 4 | _aحرية الصحافة |
| 650 | 0 | 4 | _aالاخلاق الصحفية |
| 650 | 0 | 4 | _aالدعاية الصحفية |
| 650 | 0 | 4 | _aالمطابع |
| 650 | 0 | 4 | _aالصحافة الغربية |
| 942 |
_2ddc _cBK |
||
| 999 |
_c30787 _d30787 |
||